Kreise der DDR auf einer Karte - Statistiken

Allgemein
  • Dieses Quiz wurde 172 mal gespielt
  • Das Durchschnittsergebnis liegt bei 86 aus 216
Antworten auf der Karte
Die Antworten werden auf der Karte rot bzw. grün angezeigt, abhängig davon wie oft sie richtig erraten wurden.
 
Antwortstatistiken
N Antwort % Korrekt
d Dresden
94%
d Dresden-Land
94%
m Magdeburg
94%
c Cottbus
93%
c Cottbus-Land
93%
b Ost-Berlin
93%
r Rostock-Land
93%
f Frankfurt an der Oder
92%
h Halle
92%
l Leipzig
92%
l Leipzig-Land
92%
p Potsdam
92%
p Potsdam-Land
92%
r Rostock
92%
sc Schwerin
92%
sc Schwerin-Land
92%
g Gera
90%
g Gera-Land
90%
g Jena
90%
g Jena-Land
90%
e Erfurt
89%
e Erfurt-Land
89%
n Neubrandenburg
87%
n Neubrandenburg-Land
87%
e Weimar
87%
e Weimar-Land
87%
p Brandenburg
86%
p Brandenburg-Land
86%
su Suhl
86%
su Suhl-Land
86%
k Karl-Marx-Stadt
84%
k Karl-Marx-Stadt-Land
84%
d Görlitz
83%
d Görlitz-Land
83%
r Stralsund
83%
r Stralsund-Land
83%
r Greifswald
81%
r Greifswald-Land
81%
k Zwickau
80%
k Zwickau-Land
80%
h Dessau
78%
r Rügen
77%
k Plauen
74%
k Plauen-Land
74%
r Wismar
74%
r Wismar-Land
74%
d Bautzen
71%
e Eisenach
66%
d Pirna
63%
m Stendal
63%
d Meißen
62%
h Wittenberg
62%
k Aue
59%
p Oranienburg
59%
e Gotha
58%
c Hoyerswerda
56%
e Nordhausen
56%
d Zittau
56%
f Eisenhüttenstadt
54%
f Eisenhüttenstadt-Land
54%
l Altenburg
52%
k Freiberg
52%
n Neustrelitz
50%
sc Güstrow
47%
sc Parchim
47%
f Schwedt/Oder
47%
sc Ludwigslust
46%
f Eberswalde
44%
h Quedlinburg
44%
d Riesa
44%
h Bitterfeld
43%
m Halberstadt
43%
su Meiningen
43%
m Burg
41%
m Salzwedel
41%
f Bernau
40%
h Eisleben
40%
p Königs Wusterhausen
40%
h Merseburg
40%
n Waren
40%
g Greiz
39%
h Köthen
39%
h Naumburg
39%
p Neuruppin
39%
g Rudolstadt
39%
g Saalfeld
39%
su Ilmenau
38%
n Prenzlau
38%
su Sonneberg
38%
n Anklam
37%
k Annaberg
37%
e Mühlhausen
37%
su Schmalkalden
37%
m Wernigerode
37%
e Arnstadt
36%
e Sömmerda
36%
l Torgau
36%
h Bernburg
34%
l Grimma
34%
h Zeitz
34%
l Delitzsch
33%
d Freital
33%
h Weißenfels
33%
c Finsterwalde
32%
f Fürstenwalde
32%
su Hildburghausen
32%
c Senftenberg
32%
e Sondershausen
31%
r Bad Doberan
30%
c Lübben
30%
p Nauen
30%
e Apolda
29%
h Aschersleben
29%
c Guben
29%
p Luckenwalde
29%
l Oschatz
29%
h Roßlau
29%
c Weißwasser
29%
p Rathenow
28%
l Döbeln
27%
e Heiligenstadt
26%
n Röbel/Müritz
26%
h Sangerhausen
26%
f Strausberg
26%
m Zerbst
26%
f Angermünde
24%
n Pasewalk
24%
r Wolgast
24%
c Forst
23%
d Kamenz
23%
k Glauchau
22%
m Oschersleben
22%
k Reichenbach
22%
su Bad Salzungen
21%
p Jüterbog
21%
g Schleiz
21%
m Schönebeck
21%
c Spremberg
21%
n Templin
21%
d Bischofswerda
20%
h Querfurt
20%
n Ueckermünde
20%
p Zossen
20%
l Borna
19%
n Demmin
19%
sc Perleberg
19%
g Pößneck
19%
p Pritzwalk
19%
r Ribnitz-Damgarten
19%
m Staßfurt
19%
p Wittstock
19%
e Worbis
19%
l Wurzen
19%
g Eisenberg
18%
m Gardelegen
18%
m Havelberg
18%
c Jessen
18%
l Eilenburg
17%
d Löbau
17%
k Marienberg
17%
k Auerbach
16%
d Dippoldiswalde
16%
m Genthin
16%
r Grevesmühlen
16%
m Haldensleben
16%
n Teterow
16%
p Belzig
14%
c Calau
14%
sc Hagenow
14%
p Kyritz
14%
e Langensalza
14%
su Neuhaus am Rennweg
14%
k Schwarzenberg
14%
f Seelow
14%
k Zschopau
14%
f Bad Freienwalde
13%
h Gräfenhainichen
13%
r Grimmen
13%
c Herzberg
13%
d Niesky
13%
l Schmölln
13%
g Stadtroda
13%
k Stollberg
13%
k Werdau
13%
g Zeulenroda
13%
n Altentreptow
12%
h Artern
12%
p Gransee
12%
d Großenhain
12%
sc Lübz
12%
n Malchin
12%
m Osterburg
12%
d Sebnitz
12%
h Hettstedt
11%
k Rochlitz
11%
m Wolmirstedt
11%
f Beeskow
10%
sc Bützow
10%
l Geithain
10%
k Hainichen
10%
m Klötze
10%
c Luckau
10%
h Nebra
10%
sc Sternberg
10%
m Wanzleben
10%
c Bad Liebenwerda
9%
k Flöha
9%
sc Gadebusch
9%
g Lobenstein
9%
k Oelsnitz
9%
n Strasburg
9%
k Hohenstein-Ernstthal
8%
k Klingenthal
8%
h Hohenmölsen
7%
h Saalkreis
7%
k Brand-Erbisdorf
4%
Keine übereinstimmenden Quizze gefunden
Verteilung der Resultate
Anzahl Personen mit jedem Resultat
Perzentil nach korrekt beantworteten Fragen
Ihre Resultats-Entwicklung
Sie haben dieses Quiz noch nicht gespielt